000
00283nam a2200109Ia 4500
008
220204s9999 xx 000 0 und d
082
_a
628.39
_b
WIL
100
_a
Williamson, Samuel J
245
0
_a
Fundamentals of air pollution
260
_a
London
_b
Addison Wesley
_c
1973
942
_c
BK
999
_c
26662
_d
26662